Mountain Range Countries Quiz Stats

Quiz Updated Dec 14, 2017

Challenge
Share
Tweet
Embed
Score 0/24 Timer 06:00
4 Plays Today
Mountain Range Located in... % Correct
AlpsAustria, France, Germany, Italy, Liechtenstein, Monaco, Slovenia, Switzerland
99%
HimalayasAfghanistan, Bhutan, China, India, Myanmar, Nepal, Pakistan
98.5%
RockyCanada, United States
96.5%
AndesArgentina, Bolivia, Chile, Colombia, Ecuador, Peru, Venezuela
94.9%
UralKazakhstan, Russia
87.5%
AppalachianCanada, United States
82.8%
PyreneesAndorra, France, Spain
81.2%
The Black ForestGermany
79.5%
Tien ShanChina, Kazakhstan, Kyrgyzstan
74.7%
Hindu KushAfghanistan, Pakistan
70.5%
CaucasusArmenia, Azerbaijan, Georgia, Russia
70.3%
BalkanBulgaria, Serbia
69.7%
Mountain Range Located in... % Correct
Sierra Madre del SurGuatemala, Mexico
64.4%
AtlasAlgeria, Morocco, Tunisia
58.6%
ApenninesItaly, San Marino
53.5%
MacGillycuddy's ReeksIreland
53%
CarpathianCzechia, Poland, Romania, Slovakia, Ukraine
51.8%
Great Dividing RangeAustralia
47.4%
PenninesUnited Kingdom
38.6%
MayaBelize, Guatemala
37.5%
DrakensbergLesotho, South Africa
31.1%
AltaiChina, Kazakhstan, Mongolia, Russia
29.3%
TaurusTurkey
23.1%
ZagrosIran, Iraq
20.1%

You're not logged in!

Compare scores with friends on all Sporcle quizzes.
Join for Free
OR
Log In

You Might Also Like...

Show Comments

Extras

Top Quizzes Today


Score Distribution

Your Account Isn't Verified!

In order to create a playlist on Sporcle, you need to verify the email address you used during registration. Go to your Sporcle Settings to finish the process.

Report this User

Report this user for behavior that violates our Community Guidelines.

Details: